000
00253nam a22000977a 4500
008
221215b |||||||| |||| 00| 0 eng d
020
_a
9789355617569
100
_a
EduCart
_9
7648
245
_a
Sample Paper Mathematics-10
260
_a
New Delhi
_b
Agarwal
_c
2022
999
_c
12212
_d
12212